Filme von Til Schweiger nach Bildern - Statistiken

Allgemein
  • Dieses Quiz wurde 41 mal gespielt
  • Das Durchschnittsergebnis liegt bei 4 aus 12
Antwortstatistiken
Bildquiz Antwort % Korrekt
Honig im Kopf
95%
Keinohrhasen
85%
Manta Manta – Zwoter Teil
85%
Kokowääh
56%
Klassentreffen 1.0
23%
Die Hochzeit
18%
Barfuss
10%
Der Eisbär
8%
Lieber Kurt
8%
1½ Ritter – Auf der Suche nach der hinreißenden Herzelinde
5%
Die Rettung der uns bekannten Welt
5%
Schutzengel
5%
Keine übereinstimmenden Quizze gefunden
Verteilung der Resultate
Anzahl Personen mit jedem Resultat
Perzentil nach korrekt beantworteten Fragen
Ihre Resultats-Entwicklung
Sie haben dieses Quiz noch nicht gespielt